Trắc nghiệm kiểm tra trí thông minh

Kaydedildi:
Detaylı Bibliyografya
Yazar: Alfred W. Munzert
Materyal Türü: Kitap
Dil:Undetermined
Baskı/Yayın Bilgisi: Tp. HCM Trẻ 2003
Konular:
Etiketler: Etiketle
Etiket eklenmemiş, İlk siz ekleyin!
Thư viện lưu trữ: Trung tâm Học liệu Trường Đại học Cần Thơ
LEADER 00515nam a2200181Ia 4500
001 CTU_58293
008 210402s9999 xx 000 0 und d
082 |a 153.93 
082 |b M971 
100 |a Alfred W. Munzert 
245 0 |a Trắc nghiệm kiểm tra trí thông minh 
245 0 |c Alfred W. Munzert; Phan Lưu Ly biên dịch 
260 |a Tp. HCM 
260 |b Trẻ 
260 |c 2003 
650 |a intelligent tests 
904 |i Minh 
980 |a Trung tâm Học liệu Trường Đại học Cần Thơ